| 000 | 00804nam a2200217Ia 4500 | ||
|---|---|---|---|
| 003 | OSt | ||
| 005 | 20260522111917.0 | ||
| 008 | 210719s2000 xx 000 0 und d | ||
| 040 | _cAL | ||
| 041 | _aKonkani | ||
| 082 | _a309.54K JERS | ||
| 100 |
_aJEROME DISOJA,Ed _dಜೆರೋಮ್ ಡಿಸೋಜ , ಸಂ . _9264323 |
||
| 245 |
_aSamajika vishleshane karyakartarige kaipidi Bhaga 2. _bಸಾಮಾಜಿಕ ವಿಶ್ಲೇಷಣೆ ಕಾರ್ಯಕರ್ತರಿಗೆ ಕೈಪಿಡಿ ಭಾಗ ೨. |
||
| 260 |
_aBengaluru _bPradeshika Daivashastra Kendra _c2000 |
||
| 300 |
_a86 _bPB |
||
| 365 |
_b25 _cRs |
||
| 650 |
_aSocial Situation _9264324 |
||
| 650 |
_aDsouza _9264325 |
||
| 906 | _aSamajika vishleshane Jati Rajakiya striyara paristiti Dalita Kraistaru | ||
| 942 |
_2ddc _cBK |
||
| 999 |
_c213461 _d213461 |
||